| 000 | 01380nam a2200277Ia 4500 | ||
|---|---|---|---|
| 999 |
_c47691 _d47691 |
||
| 001 | 14560 | ||
| 003 | GE_BSU | ||
| 005 | 20241119105948.0 | ||
| 008 | 181216s2012||||ge |||||||||||||| ||geo|| | ||
| 020 | _a9789941180910 | ||
| 040 | _cGE_BSU | ||
| 041 | _ageo | ||
| 080 | _a575.112(075.8) ს-95 | ||
| 100 |
_aსუნი, ძინ _923728 |
||
| 245 |
_aბიოინფორმატიკის საფუძვლები : _b [სახელმძღვ.] / _cძინ სუნი ; [მთარგმნ. რუსუდან მამრაძე ; რედ. : ირმა რევიშვილი [და სხვ.]]. |
||
| 264 |
_aთბილისი : _bილიას სახ-ფო უნ-ტი, _c2012. |
||
| 300 |
_a467გვ. : _bსურ. ; _c23 სმ. |
||
| 500 | _aდანართები : გვ. 407-452 | ||
| 500 | _aსაძიებელი : გვ. 453-467 | ||
| 653 | _aბიოინფორმატიკის საფუძვლები | ||
| 653 | _aბიოინფორმატიკა | ||
| 700 |
_4მამრაძე, რუსუდან _dმთარგმნელი _923729 |
||
| 700 |
_aშანშიაშვილი, ლალი _eრედაქტორი _923730 |
||
| 700 |
_aნემსაძე, მანანა _eრედაქტორი _921516 |
||
| 942 |
_cBK _2udc |
||